000 00404nam a2200157Ia 4500
008 230718s9999 xx 000 0 und d
041 _aeng
082 _a620.7
_bHAI
100 _aHaideri F.
245 _aMechanical System Design
260 _c2006
_bNirali Prakashan
300 _a586
365 _cRs.
_b350.00
700 _aHaideri F.
906 _dO:0071310-Mar-2010B:229507-Jan-2010
_cMECH
_b262.5
999 _c324461
_d324461